Multifunctional Land Uses in Africa (Record no. 12012)
[ view plain ]
| 000 -LEADER | |
|---|---|
| fixed length control field | 00667nam a2200121Ia 4500 |
| 008 - FIXED-LENGTH DATA ELEMENTS--GENERAL INFORMATION | |
| fixed length control field | 220615s9999||||xx |||||||||||||| ||und|| |
| 245 #0 - TITLE STATEMENT | |
| Title | Multifunctional Land Uses in Africa |
| Remainder of title | Sustainable Food Security Solutions |
| 546 ## - LANGUAGE NOTE | |
| Language note | English[eng] |
| 650 ## - SUBJECT ADDED ENTRY--TOPICAL TERM | |
| Topical term or geographic name entry element | land use||environmental management||innovation||Africa||food security||poverty||agriculture |
| 700 ## - ADDED ENTRY--PERSONAL NAME | |
| Personal name | Simelton , Elisabeth||Ostwald, Madelene |
| 856 ## - ELECTRONIC LOCATION AND ACCESS | |
| Uniform Resource Identifier | <a href="https://library.oapen.org/bitstream/20.500.12657/24946/1/9780367246440_text.pdf||https://library.oapen.org/bitstream/20.500.12657/24946/1/9780367246440_text.pdf||https://library.oapen.org/bitstream/20.500.12657/24946/1/9780367246440_text.pdf">https://library.oapen.org/bitstream/20.500.12657/24946/1/9780367246440_text.pdf||https://library.oapen.org/bitstream/20.500.12657/24946/1/9780367246440_text.pdf||https://library.oapen.org/bitstream/20.500.12657/24946/1/9780367246440_text.pdf</a> |
| 942 ## - ADDED ENTRY ELEMENTS (KOHA) | |
| Koha item type | E-Books |
| Withdrawn status | Lost status | Damaged status | Not for loan | Home library | Current library | Date acquired | Total Checkouts | Date last seen | Price effective from | Koha item type |
|---|---|---|---|---|---|---|---|---|---|---|
| Kerala University of Digital Sciences, Innovation and Technology Knowledge Centre | Kerala University of Digital Sciences, Innovation and Technology Knowledge Centre | 15/06/2022 | 15/06/2022 | 15/06/2022 | E-Books |